[Event "Mittelrhein Verbandsliga-N 17/18"]
[Site "Nordrheinwestfalen"]
[Date "2018.02.25"]
[Round "8.7"]
[White "Balduan, Karl Heinz"]
[Black "Steiz, Johann"]
[Result "0-1"]
[WhiteElo "1553"]
[BlackElo "1681"]
[PlyCount "48"]
[EventDate "2017.09.10"]
[EventType "team-swiss"]
[EventRounds "11"]
[EventCountry "GER"]
[SourceTitle "EXT 2022"]
[Source "ChessBase"]
[SourceDate "2021.10.06"]
[SourceVersion "1"]
[SourceVersionDate "2021.10.06"]
[SourceQuality "1"]
[WhiteTeam "Leverkusen Koenigsspringer"]
[BlackTeam "Dormagen SV"]
[WhiteTeamCountry "GER"]
[BlackTeamCountry "GER"]

1. d4 Nf6 2. Nf3 e6 3. Bf4 c5 4. e3 Nc6 5. c3 Be7 6. Nbd2 0-0 7. Bd3 d6 8. Bc2 b6 9. 0-0 Nh5 10. Bg3 Nxg3 11. hxg3 Bb7 12. Kh2 g6 13. Rh1 Kg7 14. Kg1 Rc8 15. Nh4 cxd4 16. exd4 Bf6 17. Ne4 e5 18. Nxf6 Qxf6 19. dxe5 Nxe5 20. f4 Nc4 21. f5 Ne3 22. Qb1 Qe5 23. Kh2 Ng4+ 24. Kg1 Qe3+ 0-1

[Event "Mittelrhein Verbandsliga-N 17/18"]
[Site "Nordrheinwestfalen"]
[Date "2017.12.03"]
[Round "5.8"]
[White "Wenzke, Elias"]
[Black "Steiz, Johann"]
[Result "0-1"]
[WhiteElo "1717"]
[BlackElo "1691"]
[PlyCount "192"]
[EventDate "2017.09.10"]
[EventType "team-swiss"]
[EventRounds "11"]
[EventCountry "GER"]
[SourceTitle "EXT 2022"]
[Source "ChessBase"]
[SourceDate "2021.10.06"]
[SourceVersion "1"]
[SourceVersionDate "2021.10.06"]
[SourceQuality "1"]
[WhiteTeam "Koeln Muelheim"]
[BlackTeam "Dormagen SV"]
[WhiteTeamCountry "GER"]
[BlackTeamCountry "GER"]

1. e3 d5 2. c4 e6 3. Nf3 Nf6 4. d4 c5 5. Nc3 Nc6 6. cxd5 exd5 7. Bb5 a6 8. Bxc6+ bxc6 9. 0-0 Be7 10. dxc5 Bxc5 11. Ne5 Qc7 12. Nd3 Bd6 13. f4 0-0 14. b3 Bg4 15. Qd2 Rad8 16. Bb2 Rfe8 17. Na4 Ne4 18. Qe1 Bf5 19. Rc1 Rc8 20. Nac5 Nxc5 21. Nxc5 Bxc5 22. Rxc5 Re6 23. Be5 Qb7 24. Qc3 Rg6 25. Rc1 Be4 26. g3 Qd7 27. Qd2 Qh3 28. Qf2 h5 29. f5 Bxf5 30. Rf1 Be6 31. Qe2 h4 32. Rf2 hxg3 33. Bxg3 Bf5 34. Qf3 Be6 35. Qe2 Bf5 36. Ra5 Be4 37. Rf4 Rxg3+ 38. hxg3 Qxg3+ 39. Kf1 Qh3+ 40. Ke1 Qh1+ 41. Rf1 Qh4+ 42. Kd1 Ra8 43. Rxa6 Rxa6 44. Qxa6 Qg4+ 45. Qe2 Qg6 46. Qf2 Bg2 47. Rg1 Qb1+ 48. Ke2 Qxa2+ 49. Ke1 Qb1+ 50. Ke2 Qc2+ 51. Ke1 Be4 52. Qxc2 Bxc2 53. b4 g6 54. Kf2 Kg7 55. Ra1 Bd3 56. Ra7 Kf6 57. Kf3 Ke6 58. Rc7 Bb5 59. Kf4 f6 60. Rc8 g5+ 61. Kg4 Be2+ 62. Kg3 Kd7 63. Rf8 Ke6 64. Rc8 Bb5 65. Kg4 Ba4 66. Re8+ Kf7 67. Ra8 Bd1+ 68. Kf5 Bc2+ 69. Kg4 Bd3 70. Rc8 Bb5 71. Kf5 Bd3+ 72. Kg4 Bb5 73. e4 dxe4 74. Kf5 e3 75. Rc7+ Kg8 76. Re7 e2 77. Re6 Kg7 78. Re7+ Kf8 79. Re6 Kg7 80. Re7+ Kg8 81. Re8+ Kf7 82. Re3 Bd3+ 83. Kg4 Kg6 84. Re8 f5+ 85. Kf3 Kf6 86. Re3 g4+ 87. Kf2 Bb5 88. Re8 Kg5 89. Re5 Kf4 90. Re8 g3+ 91. Kg2 Bc4 92. Re7 Bd5+ 93. Kg1 Be4 94. Rxe4+ Kxe4 95. Kg2 f4 96. b5 cxb5 0-1

[Event "Mittelrhein Verbandsliga-N 17/18"]
[Site "Nordrheinwestfalen"]
[Date "2017.10.22"]
[Round "3.6"]
[White "Wolff, Michael"]
[Black "Steiz, Johann"]
[Result "1-0"]
[WhiteElo "1909"]
[BlackElo "1685"]
[PlyCount "41"]
[EventDate "2017.09.10"]
[EventType "team-swiss"]
[EventRounds "11"]
[EventCountry "GER"]
[SourceTitle "EXT 2022"]
[Source "ChessBase"]
[SourceDate "2021.10.06"]
[SourceVersion "1"]
[SourceVersionDate "2021.10.06"]
[SourceQuality "1"]
[WhiteTeam "Koeln Ford SF"]
[BlackTeam "Dormagen SV"]
[WhiteTeamCountry "GER"]
[BlackTeamCountry "GER"]

1. e4 c5 2. d4 cxd4 3. c3 Nf6 4. e5 Nd5 5. Nf3 Nc6 6. Bc4 e6 7. 0-0 Nb6 8. Bb3 d6 9. cxd4 dxe5 10. dxe5 Be7 11. Nc3 0-0 12. Qe2 a6 13. Bf4 Nd4 14. Nxd4 Qxd4 15. Be3 Qb4 16. Rfd1 Rd8 17. Rxd8+ Bxd8 18. Rd1 Bc7 19. Qd3 Nd7 20. f4 Nc5 21. Qd8+ 1-0

[Event "Mittelrhein Regionalliga 16/17"]
[Site "Nordrheinwestfalen"]
[Date "2017.04.09"]
[Round "10.8"]
[White "Steiz, Johann"]
[Black "Schmidt, Eckhard"]
[Result "1/2-1/2"]
[WhiteElo "1664"]
[BlackElo "1933"]
[PlyCount "94"]
[EventDate "2016.09.11"]
[EventType "team-tourn"]
[EventRounds "11"]
[EventCountry "GER"]
[SourceTitle "EXT 2022"]
[Source "ChessBase"]
[SourceDate "2021.10.06"]
[SourceVersion "1"]
[SourceVersionDate "2021.10.06"]
[SourceQuality "1"]
[WhiteTeam "Dormagen SV"]
[BlackTeam "Godesberg III"]
[WhiteTeamCountry "GER"]
[BlackTeamCountry "GER"]

1. e4 e5 2. Nf3 Nc6 3. Bc4 Bc5 4. c3 Nf6 5. d3 a6 6. a4 d6 7. h3 h6 8. 0-0 Ba7 9. Re1 0-0 10. d4 exd4 11. cxd4 Nxe4 12. Rxe4 d5 13. Bxd5 Qxd5 14. Nc3 Qd8 15. d5 Ne7 16. Bf4 Ng6 17. Bg3 Bc5 18. Rc4 Bd6 19. Ne4 Bxg3 20. fxg3 Bf5 21. Rac1 Re8 22. Nf2 Rc8 23. g4 Bd7 24. Qc2 c6 25. dxc6 Rxc6 26. Rxc6 Bxc6 27. Rd1 Qf6 28. Nd4 Bd5 29. Nf5 Qc6 30. Qxc6 Bxc6 31. b3 a5 32. Nd4 Bd5 33. Nd3 Re4 34. Nc5 Re8 35. Nf5 Bc6 36. Rd2 Re5 37. Rc2 Nf4 38. Nd4 Bxg2 39. Nd7 Rd5 40. Rc8+ Kh7 41. Nf8+ Kg8 42. Ng6+ Kh7 43. Nxf4 Rxd4 44. Nxg2 Rd3 45. Rc5 Rxb3 46. Rxa5 Rxh3 47. Rb5 Ra3 1/2-1/2

[Event "Mittelrhein Regionalliga 16/17"]
[Site "Nordrheinwestfalen"]
[Date "2017.02.19"]
[Round "8.8"]
[White "Lenica, Cornelius"]
[Black "Steiz, Johann"]
[Result "0-1"]
[WhiteElo "1681"]
[BlackElo "1692"]
[PlyCount "96"]
[EventDate "2016.09.11"]
[EventType "team-tourn"]
[EventRounds "11"]
[EventCountry "GER"]
[SourceTitle "EXT 2022"]
[Source "ChessBase"]
[SourceDate "2021.10.06"]
[SourceVersion "1"]
[SourceVersionDate "2021.10.06"]
[SourceQuality "1"]
[WhiteTeam "Aachen DJK Aufwärts III"]
[BlackTeam "Dormagen SV"]
[WhiteTeamCountry "GER"]
[BlackTeamCountry "GER"]

1. c4 c5 2. Nf3 Nc6 3. d4 cxd4 4. Nxd4 e6 5. a3 Nf6 6. e3 d5 7. cxd5 exd5 8. Bb5 Bd7 9. Nc3 a6 10. Ba4 Qc7 11. 0-0 Bd6 12. Nf3 Be6 13. h3 0-0 14. Bb3 Rad8 15. Qd3 Qd7 16. Bc2 Ne5 17. Nxe5 Bxe5 18. Ne2 Bb8 19. Bd2 Rfe8 20. Nd4 Bxh3 21. gxh3 Qxh3 22. f4 Ng4 23. Qxh7+ Qxh7 24. Bxh7+ Kxh7 25. Rf3 Re4 26. Rg3 Nf6 27. Bc3 Nh5 28. Rg5 g6 29. Kf2 f6 30. Rg4 Rde8 31. Nc2 Bxf4 32. Rag1 Bg5 33. Rxe4 dxe4 34. Rd1 f5 35. Rd7+ Re7 36. Rd8 Bf6 37. Nd4 Kg7 38. Bb4 Rf7 39. Ne6+ Kh7 40. Rc8 Ng7 41. Nf8+ Kh6 42. Bd6 Bxb2 43. Rc2 Bf6 44. Kg3 Nh5+ 45. Kh3 Be7 46. Bxe7 Rxe7 47. Rc8 Kg7 48. Rd8 f4 0-1

[Event "Mittelrhein Verbandsliga-M 15/16"]
[Site "Nordrheinwestfalen"]
[Date "2015.10.18"]
[Round "3.7"]
[White "Steiz, Johann"]
[Black "Beracz, Peter"]
[Result "1-0"]
[WhiteElo "1719"]
[BlackElo "1803"]
[PlyCount "45"]
[EventDate "2015.09.06"]
[EventType "team-tourn"]
[EventRounds "11"]
[EventCountry "GER"]
[SourceTitle "EXT 2022"]
[Source "ChessBase"]
[SourceDate "2021.10.06"]
[SourceVersion "1"]
[SourceVersionDate "2021.10.06"]
[SourceQuality "1"]
[WhiteTeam "Dormagen SV"]
[BlackTeam "Esch SF"]
[WhiteTeamCountry "GER"]
[BlackTeamCountry "GER"]

1. e4 c5 2. Nc3 d6 3. f4 Nc6 4. Nf3 g6 5. Bb5 Bg7 6. 0-0 Bd7 7. d3 e6 8. Bxc6 Bxc6 9. d4 cxd4 10. Nxd4 Qb6 11. Be3 Qxb2 12. Qd3 a6 13. Rab1 Qa3 14. Rb3 Qa5 15. Nxc6 bxc6 16. Qxd6 Rc8 17. Bb6 Qh5 18. Rd1 Nf6 19. Bc7 Bh6 20. Rb7 Bxf4 21. Qxf4 Qc5+ 22. Qf2 Qxc3 23. Rf1 1-0

[Event "Dortmund Sparkassen op-B"]
[Site "Dortmund"]
[Date "2011.07.31"]
[Round "9"]
[White "Steiz, Johann"]
[Black "Heyder, Siegfried"]
[Result "1-0"]
[WhiteElo "1628"]
[BlackElo "1339"]
[PlyCount "57"]
[EventDate "2011.07.23"]
[EventType "swiss"]
[EventRounds "9"]
[EventCountry "GER"]
[SourceTitle "EXT 2013"]
[Source "ChessBase"]
[SourceDate "2012.11.22"]
[SourceVersion "1"]
[SourceVersionDate "2012.11.22"]
[SourceQuality "1"]

1. e4 c5 2. c3 e6 3. d4 b6 4. Bd3 d5 5. e5 Nd7 6. Nf3 Be7 7. Be3 h6 8. 0-0 Nf8 9. Re1 f6 10. exf6 Nxf6 11. Ne5 c4 12. Bc2 Bd6 13. Bf4 g5 14. Bg3 Rg8 15. h3 Qc7 16. Qf3 Ke7 17. Ng4 Nxg4 18. Bxd6+ Kxd6 19. hxg4 Qg7 20. Nd2 Rh8 21. Nxc4+ Kc7 22. Re2 h5 23. gxh5 Bd7 24. Qg3+ Kb7 25. Nd6+ Ka6 26. Bd3+ Ka5 27. b4+ Ka4 28. Bc2+ Ka3 29. Qe3 1-0

[Event "Dortmund Sparkassen op-B"]
[Site "Dortmund"]
[Date "2011.07.28"]
[Round "6"]
[White "Hlopotov, Nikita"]
[Black "Steiz, Johann"]
[Result "1-0"]
[WhiteElo "1400"]
[BlackElo "1628"]
[PlyCount "75"]
[EventDate "2011.07.23"]
[EventType "swiss"]
[EventRounds "9"]
[EventCountry "GER"]
[SourceTitle "EXT 2013"]
[Source "ChessBase"]
[SourceDate "2012.11.22"]
[SourceVersion "1"]
[SourceVersionDate "2012.11.22"]
[SourceQuality "1"]

1. e4 e6 2. d4 d5 3. exd5 exd5 4. Nc3 Nf6 5. Nf3 Bf5 6. Bf4 Bd6 7. Bg5 c6 8. Be2 h6 9. Bh4 Nbd7 10. Bg3 Qc7 11. Na4 Bxg3 12. fxg3 Ne4 13. 0-0 Be6 14. Nc5 Ndxc5 15. dxc5 Nxc5 16. Qd4 Nd7 17. Qxg7 0-0-0 18. Qd4 c5 19. Qa4 Qb6 20. c3 c4+ 21. Kh1 Nc5 22. Qc2 Ne4 23. b3 Nf2+ 24. Kg1 Ng4+ 25. Nd4 Ne3 26. Qc1 Nxf1 27. Qxf1 cxb3 28. axb3 a6 29. Kh1 Rdf8 30. Qf2 Qd6 31. c4 dxc4 32. Bxc4 Bxc4 33. Rc1 Rd8 34. h3 Kb8 35. Rxc4 h5 36. Nc6+ Kc7 37. Nxd8+ Kxd8 38. Rd4 1-0